000
00342cam a2200157ua 4500
001
2072
008
131125n II |||gr||||Z||||||asm
040
_a
MAIN
041
_a
English
082
_a
028.7 DAS
100
_a
DAS , AMIYA KR.
245
_a
MUR SATYA ANNESHANAR KAHINI
300
_c
20CM.
653
_a
Reference Books
942
_c
BK
999
_c
2066
_d
2066